| 000 | 00843nam a2200229Ia 4500 | ||
|---|---|---|---|
| 003 | GCL | ||
| 005 | 20240530095319.0 | ||
| 008 | 140319s9999 xx 000 0 ara d | ||
| 020 | _a9205421977 | ||
| 040 |
_aGCL / _cGCL |
||
| 082 | 0 | 4 |
_a791.43 _bق/أ س |
| 100 | 1 | _aاحمد يوسف سعد | |
| 245 | 1 | 0 |
_aالسينما والتربية في مصر : _bقراءة نقدية في ملفات الفليم الروائى / _cاحمد يوسف سعد |
| 250 | _aالاولى | ||
| 260 |
_aالقاهرة : _bمركز الدراسات والمعلومات القانونية ، _c1997 |
||
| 300 |
_a191 ص ؛ _c24 سم |
||
| 650 | 0 | 4 | _aالافلام السينمائية |
| 650 | 0 | 4 | _aالسينما - مصر |
| 650 | 0 | 4 | _aالسينما التعليمية |
| 650 | 0 | 4 | _aالافلام السينمائية - مصر |
| 942 |
_2ddc _cBK |
||
| 999 |
_c6071 _d6071 |
||